Eastern Utah Libraries Catalog: Duchesne, Heber, Roosevelt, & Vernal

I feel teal / (Record no. 311681)

MARC details
000 -LEADER
fixed length control field 01700cam a22003978i 4500
005 - DATE AND TIME OF LATEST TRANSACTION
control field 20200320212900.0
008 - FIXED-LENGTH DATA ELEMENTS--GENERAL INFORMATION
fixed length control field 171024s2018 nyu a 000 1 eng
020 ## - INTERNATIONAL STANDARD BOOK NUMBER
International Standard Book Number 9781481458467 (hardback)
040 ## - CATALOGING SOURCE
Original cataloging agency DLC
Language of cataloging eng
Description conventions rda
Transcribing agency DLC
Modifying agency CTMM
050 00 - LIBRARY OF CONGRESS CALL NUMBER
Classification number PZ8.3.R4714
Item number Iaf 2018
082 00 - DEWEY DECIMAL CLASSIFICATION NUMBER
Classification number [E]
Edition number 23
100 1# - MAIN ENTRY--PERSONAL NAME
Personal name Rille, Lauren,
Relator term author.
9 (RLIN) 5978469
245 10 - TITLE STATEMENT
Title I feel teal /
Statement of responsibility, etc Lauren Rille ; illustrated by Aimee Sicuro.
250 ## - EDITION STATEMENT
Edition statement First edition.
264 #1 - Production, Publication, Distribution, Manufacture, and Copyright Notice.
Place of production, publication, distribution, manufacture New York :
Name of producer, publisher, distributor, manufacturer Beach Lane Books,
Date of production, publication, distribution, manufacture, or copyr [2018]
264 #2 - Production, Publication, Distribution, Manufacture, and Copyright Notice.
Place of production, publication, distribution, manufacture Old Saybrook, Connecticut :
Name of producer, publisher, distributor, manufacturer www.micromarketing.org
300 ## - PHYSICAL DESCRIPTION
Extent pages cm
336 ## - Content Type
Content type term text
336 ## - Content Type
Content type term still image
337 ## - Media type
Media type term unmediated
338 ## - Carrier type
Carrier type term volume
500 ## - GENERAL NOTE
General note [Typographic symbols and accents removed for systems compatibility.]
520 ## - SUMMARY, ETC.
Summary, etc Encourages the reader to enjoy all of the colors, representing feelings, that may be experienced in the course of a day.
588 ## -
-- Title and description based on researched data; resource not viewed.
650 #1 - SUBJECT ADDED ENTRY--TOPICAL TERM
Topical term or geographic name as entry element Stories in rhyme.
9 (RLIN) 5978470
650 #1 - SUBJECT ADDED ENTRY--TOPICAL TERM
Topical term or geographic name as entry element Emotions
Form subdivision Fiction.
9 (RLIN) 5978471
650 #1 - SUBJECT ADDED ENTRY--TOPICAL TERM
Topical term or geographic name as entry element Color
Form subdivision Fiction.
9 (RLIN) 5674644
650 #7 - SUBJECT ADDED ENTRY--TOPICAL TERM
Topical term or geographic name as entry element JUVENILE FICTION / Social Issues / Emotions & Feelings.
Source of heading or term bisacsh
9 (RLIN) 5683753
650 #7 - SUBJECT ADDED ENTRY--TOPICAL TERM
Topical term or geographic name as entry element JUVENILE FICTION / Concepts / Colors.
Source of heading or term bisacsh
9 (RLIN) 5687177
650 #7 - SUBJECT ADDED ENTRY--TOPICAL TERM
Topical term or geographic name as entry element JUVENILE FICTION / Stories in Verse.
Source of heading or term bisacsh
9 (RLIN) 5717143
700 1# - ADDED ENTRY--PERSONAL NAME
Personal name Sicuro, Aimee,
Dates associated with a name 1976-
Relator term illustrator.
9 (RLIN) 5978472
942 ## - ADDED ENTRY ELEMENTS (KOHA)
Koha item type BOOK
948 ## - LOCAL PROCESSING INFORMATION (OCLC); SERIES PART DESIGNATOR (RLIN)
Series part designator, SPT (RLIN) 09/18/2018
z (OCLC) Sirsi
949 ## - LOCAL PROCESSING INFORMATION (OCLC)
n www.MicroMarketing.org 800-229-9887
996 ## -
-- 154048
-- 34301001560293
-- E
-- bk
-- wcl
-- i
-- 12
-- 17.99
-- micro
-- Ril
-- 09/18/2018
-- 03/03/2020
-- 02/12/2020
Holdings
Withdrawn status Lost status Source of classification or shelving scheme Damaged status Not for loan Collection code Home library Current library Shelving location Date acquired Source of acquisition Cost, normal purchase price Total Checkouts Total Renewals Full call number Barcode Date last seen Date checked out Cost, replacement price Price effective from Koha item type
    Dewey Decimal Classification     Children Picture Books Wasatch County Library Wasatch County Library Main Floor Childrens Area 09/18/2018   17.99 22 8 E Ril 34301001560293 07/10/2025 06/05/2025 17.99 03/20/2020 BOOK
This project was made possible through a grant from the Institute of Museum and Library Service administered by the Utah State Library Division.

Wasatch County Library

  • 465 East 1200 South, Heber City, Utah 84032
  • Phone 435-654-1511 | Fax 435-654-6456

Hours

  • Monday - Friday 9:30 AM - 8:00 PM
  • Saturday 9:30 AM - 1:30 PM
  • Closed Sundays and Holidays